| 000 | 00698nam a22001337a 4500 | ||
|---|---|---|---|
| 040 | _cRUA | ||
| 082 | _aVEM SOT 2015 B517 Or.1 | ||
| 100 | _aSOTH LINA; សូត លីណា | ||
| 245 | _aObservation on common disease in weaned piglet at cambodia-china breeding pig demostrationfarm, អង្កេតអំពីជំងឺដែលតែងតែជួបប្រទះលើកូនជ្រូកក្រោយពេលផ្ដាច់ដោះនៅក្នុងស្ថានីយចិញ្ចឹមជ្រុកពូជបង្ហាញកម្ពុជា-ចិន | ||
| 260 |
_aRUA _bSOT _c2015 |
||
| 300 |
_aix,37p. _bill. _c29cm. |
||
| 856 | _uSOTH LINA | ||
| 942 | _cVEM | ||
| 999 |
_c10555 _d10555 |
||